| 000 | 00633nam a2200217Ia 4500 | ||
|---|---|---|---|
| 003 | IIN | ||
| 005 | 20240202123942.0 | ||
| 008 | 231217s9999 xx 000 0 und d | ||
| 020 |
_cRs.1650.00 _a9780323834605 |
||
| 040 |
_aIIN _bEnglish |
||
| 082 |
_a612 _bWAU |
||
| 100 | 1 | _aWaugh, Anne | |
| 245 | 1 |
_aRoss & wilson Anatomy and Physiology in Health and Illness _cAnne Waugh and Allison Grant |
|
| 250 | _a14tn ed(Ie) | ||
| 260 |
_bElsevier _aEdinburgh _c2023 |
||
| 300 | _axi, 586p. | ||
| 650 | 1 |
_aAnatomy _vin Health and Illness |
|
| 650 | 1 |
_aPhysiology _vin Health and Illness |
|
| 700 | 1 | _aGrant, Allison | |
| 942 | _cBOOK | ||
| 999 |
_c1469 _d1469 |
||